Kronika filmu

Gespeichert in:
Bibliographische Detailangaben
Format: Buch
Sprache:Slowakisch
Veröffentlicht: Bratislava : Fortuna Print, 1995
Ausgabe:[1.vyd.]
Schlagworte:
Tags: Tag hinzufügen
Keine Tags, Fügen Sie das erste Tag hinzu!

MARC

LEADER 00000nam a22000003a 4500
001 stu32645
005 20150408181000.7
008 951206s1995----cs------------------slo-d
020 |a 80-85873-39-7 
040 |a STU  |b slo 
041 0 |a slo 
044 |a cs 
245 |a Kronika filmu 
250 |a [1.vyd.] 
260 |a Bratislava :  |b Fortuna Print,  |c 1995 
300 |a 671 s 
650 7 |a kinematografia  |2 stusub 
996 |b 284AU04958  |c A*7629 U  |l AAKNAR  |s A  |a 24  |w stu32645_0001 
996 |b J91822  |c J*91822  |l JJSK  |s A  |a 24  |w stu32645_0002